How to teach Autistic and other severely Handicapped Children/ (Record no. 356097)
[ view plain ]
| 000 -LEADER | |
|---|---|
| fixed length control field | 00349nam a2200109Ia 4500 |
| 008 - FIXED-LENGTH DATA ELEMENTS--GENERAL INFORMATION | |
| fixed length control field | 180305s9999 xx 000 0 und d |
| 020 ## - INTERNATIONAL STANDARD BOOK NUMBER | |
| International Standard Book Number | 890790655 |
| 100 ## - MAIN ENTRY--PERSONAL NAME | |
| Personal name | Koegel, Robert L. |
| 245 ## - TITLE STATEMENT | |
| Statement of responsibility, etc | Robert L. Koegel, Laura Schreibman |
| Title | How to teach Autistic and other severely Handicapped Children/ |
| 260 ## - PUBLICATION, DISTRIBUTION, ETC. (IMPRINT) | |
| Place of publication, distribution, etc | USA |
| Name of publisher, distributor, etc | Pro-ed |
| Date of publication, distribution, etc | 1982 |
| 300 ## - PHYSICAL DESCRIPTION | |
| Extent | iii, 52 Pages |
| Withdrawn status | Lost status | Source of classification or shelving scheme | Damaged status | Home library | Current library | Shelving location | Date acquired | Source of acquisition | Total Checkouts | Full call number | Barcode | Date last seen | Price effective from | Koha item type |
|---|---|---|---|---|---|---|---|---|---|---|---|---|---|---|
| Library of Congress Classification | Archives | Archives | 03/05/2018 | Donation | PZ 7 .K77 1982 | C21330 | 05/15/2018 | 03/05/2018 | Books |